000 00932nam a2200229 a 4500
001 000035177
005 20200930074145.0
008 111025s1985 pr 000 p spa d
040 _aDO-SdBNP
_bspa
_cBNPHU
082 _a839.71708
_bS944p
245 0 0 _aSuecia en poemas :
_b(antología de poesía sueca contemporánea /
_cselección y traducción Francisco J. Uriz ; prólogo Francisco Matos Paoli ; editor Luis Cartaña.
260 _aMayaguez, Puerto Rico :
_bEsmaco,
_c1985.
300 _a130 p. ;
_c23 cm.
490 1 _aPoesía jardines de espejos
590 _aPerteneció a la biblioteca personal de Juan Isidro Jimenes Grullón.
650 4 _aPoesía sueca
_xColecciones
_960904
650 4 _aLiteratura sueca
_xColecciones
_960905
700 1 2 _aMatos Paoli, Francisco ,
_epról.
_99210
700 1 2 _aCartaña, Luis,
_eed.
_99174
830 0 _aPoesía jardines de espejos
_960906
910 _aValidado. Control de calidad MFF
999 _c34668
_d34668